01937 a2200217 45000010006000000050017000060080041000230030015000640400040000790800104001192450080002230200022003032500012003252640033003373000027003705051052003970410008014491000024014576500118014816500120015992457620260407155529.0260407a2013 arg spa dAR-UNSa-BCEJYS aAR-UNSa-BCEJYSbspacAR-UNSa-BCEJYS a351.72xFinanzas públicas. Legislación (Contabilidad Pública, Administración financiera...)10aRégimen jurídico de la gestión y del control en la hacienda pública a978-987-03-2537-6 a4a. ed. 1aBuenos Aires :bLa Leyc2013 axxxii, 1086 p.c24 cm. a1. La contabilidad pública - 2. La hacienda pública - 3. Organización de la hacienda del Estado - 4. Principales disposiciones legales y reglamentarias: reseña histórica - 5. El presupuesto como instrumento de contabilidad preventiva - 6. El presupuesto financiero - 7. Ejecución del presupuesto en lo relativo a gastos - 8. Ejecución del presupuesto en lo relativo a recursos - 9. Clausura del ejercicio del presupuesto - 10. El servicio del tesoro - 11. La gestión patrimonial - 12. Contratos del Estado - 13. Contrato de suministros - 14. Contrato de obra pública - 15. Trabajos y obras por administración - 16. Administración militar - 17. Registro contable de las operaciones - 18. La descentralización administrativa institucional - 19. El control de la actividad de las haciendas anexas - 20. Los responsables - 21. La vigilancia administrativa de la responsabilidad - 22. La declaración administrativa de la responsabilidad - 23. Control concomitante - 24. Control ulterior - 25. Haciendas conexas o paraestatales aspa1 aAtchabahian, Adolfo aLey Nº 24.156 Ley Nº 13.064 Ley Nº 25.152 Ley Nº 25.551 Ley Nº 25.917 Decreto Nº 1023/01 Decreto Nº 893/12 a ley nº 24 156 ley nº 13 064 ley nº 25 152 ley nº 25 551 ley nº 25 917 decreto nº 1023 01 decreto nº 893 12